Home to me : (Record no. 110373)
[ view plain ]
| 000 -LEADER | |
|---|---|
| fixed length control field | 00609nam a2200145 a 4500 |
| 005 - DATE AND TIME OF LATEST TRANSACTION | |
| control field | 20140414131854.0 |
| 008 - FIXED-LENGTH DATA ELEMENTS--GENERAL INFORMATION | |
| fixed length control field | 100817s19uu xx 00 eng d |
| 050 ## - LIBRARY OF CONGRESS CALL NUMBER | |
| Classification number | M 811 |
| Item number | H77 2002 |
| 245 ## - TITLE STATEMENT | |
| Title | Home to me : |
| Remainder of title | poems across america / |
| Statement of responsibility, etc | selected by Lee Bennett Hopkins ; illustrated by Stephen Alcorn. |
| 260 ## - PUBLICATION, DISTRIBUTION, ETC. (IMPRINT) | |
| Place of publication, distribution, etc | New York : |
| Name of publisher, distributor, etc | Orchard Books, |
| Date of publication, distribution, etc | 2002. |
| 520 ## - SUMMARY, ETC. | |
| Summary, etc | A collection of fifteen poerms by various authors about home, whether it is on a boat, in a trailer park, on a reservation, or in a small town. |
| 650 ## - SUBJECT ADDED ENTRY--TOPICAL TERM | |
| Topical term or geographic name as entry element | Home |
| General subdivision | Juvenile literature |
| 650 ## - SUBJECT ADDED ENTRY--TOPICAL TERM | |
| Topical term or geographic name as entry element | Children's poetry, American |
| Withdrawn status | Lost status | Damaged status | Home library | Current library | Shelving location | Date acquired | Total Checkouts | Full call number | Barcode | Date last seen | Price effective from | Koha item type |
|---|---|---|---|---|---|---|---|---|---|---|---|---|
| Munich Library | Munich Library | Main Section | 08/17/2010 | M 811 H77 2002 | M0764 | 04/14/2014 | 04/14/2014 | Books |